Jurassic 'Arc' Quiz Stats

 Plays Quiz Updated Jul 3, 2018

Score 0/12 Timer 05:00
1 Play Today
% Correct
Jurassic Bark
92.4%
Jurassic Dark
92.2%
Jurassic Ark
92.1%
Jurassic Clerk
91.4%
Jurassic Narc
91.3%
Jurassic Spork
91.2%
Jurassic Stork
90.5%
Jurassic Shark
89.1%
Jurassic Snark
88.4%
Jurassic Quark
86.9%
Jurassic Lark
86.6%
Giraffic Park
83.6%

You're not logged in!

Compare scores with friends on all Sporcle quizzes.
OR
Log In

Sporcle TV

Today on Sporcle TV


Watch our educational content, quiz creation guides, and fun videos on Sporcle TV.

Show Comments

Extras

Top Quizzes Today


Score Distribution

Your Account Isn't Verified!

In order to create a playlist on Sporcle, you need to verify the email address you used during registration. Go to your Sporcle Settings to finish the process.

Report this User

Report this user for behavior that violates our Community Guidelines.

Details: